000 00860nam a2200229Ia 4500
003 OSt
005 20220926013550.0
006 a|||||r|||| 00| 0
007 ta
008 220923b |||||||| |||| 00| 0 eng d
037 _cGeneral Book
040 _aRTL
_cRTL
_beng
041 _2eng
_aeng
082 _aB286, K7
100 _aHarris Bernard Ed.
245 0 _aSpectral analysis of time series
_b proceedings of an advanced seminar conducted by the mathematics research center, United States army and the statistics department at the University of Wisconsin, Madison October 3-5, 1966
260 _aNew York
_bJohn Wiley
_c1967
300 _ax,319p.
_ccm.
490 _aUniversity of Wisconsin, Mathematics Research Center United States Army,18
942 _hB286, K7
_cGB
_2CC
999 _c626266
_d626266